Villes de Nouvelle Aquitaine par Images Satellite - Statistiques

Statistiques générales
  • Ce quiz a été pris 28 fois
  • Le résultat moyen est 28 sur 50
Statistiques - réponses
Par images Hint Réponse % Correct
Vienne Poitiers
88%
Pyrénées Atlantiques Biarritz
83%
Landes Dax
83%
Charente Maritime La Rochelle
83%
Dordogne Bergerac
79%
Corrèze Brive-la-Gaillarde
79%
Landes Mont de Marsan
79%
Gironde Bordeaux
75%
Creuse Guéret
75%
Pyrénées Atlantiques Pau
75%
Lot et Garonne Agen
71%
Pyrénées Atlantiques Bayonne
71%
Charente Cognac
71%
Gironde Libourne
71%
Haute Vienne Limoges
71%
Dordogne Périgueux
71%
Charente Maritime Rochefort
71%
Charente Angoulême
67%
Gironde Arcachon
67%
Pyrénées Atlantiques Hendaye
67%
Dordogne Sarlat-la-Canéda
67%
Corrèze Tulle
67%
Lot et Garonne Marmande
63%
Charente Maritime Saintes
63%
Lot et Garonne Villeneuve sur Lot
63%
Creuse Aubusson
58%
Deux Sèvres Bressuire
58%
Deux Sèvres Niort
58%
Pyrénées Atlantiques Oloron-Sainte-Marie
58%
Charente Maritime Royan
58%
Vienne Châtellerault
50%
Gironde Langon
50%
Creuse La Souterraine
50%
Deux Sèvres Parthenay
50%
Corrèze Ussel
50%
Gironde Blaye
46%
Lot et Garonne Nérac
46%
Haute Vienne Saint-Junien
46%
Deux Sèvres Thouars
46%
Vienne Loudun
42%
Vienne Montmorillon
42%
Pyrénées Atlantiques Orthez
42%
Landes Capbreton
38%
Landes Biscarosse
33%
Haute Vienne Oradour-sur-Glane
29%
Lot et Garonne Tonneins
25%
Charente Jarnac
21%
Dordogne Ribérac
13%
Charente Maritime Surgères
13%
Charente Maritime Saint Pierre d'Oléron
4%
Aucun quiz correspondant
Distribution des résultats
% des personnes avec chaque résultat
Percentile par nombre de réponses
Votre historique - résultats
Vous n’avez pas pris ce quiz